[Event "12th Open"]
[Site "Ljubljana SLO"]
[Date "2001.06.26"]
[Round "4"]
[White "Kaspret,G"]
[Black "Tratar,M"]
[Result "0-1"]
[WhiteElo "2318"]
[BlackElo "2410"]

1.c4 b6 2.d4 e6 3.a3 g6 4.Nf3 Bg7 5.g3 Ne7 6.Bg2 O-O 7.Nc3 Ba6 8.Qa4 d5 9.cxd5 Nxd5
10.Bg5 Qc8 11.Nd2 Nxc3 12.bxc3 Bb7 13.e4 c5 14.O-O Qd7 15.Qxd7 Nxd7 16.e5 Bxg2
17.Kxg2 cxd4 18.cxd4 f6 19.exf6 Nxf6 20.Nf3 Nd5 21.Rfe1 Kf7 22.Bd2 Bf6 23.h4 Rac8
24.Rac1 a5 25.Rh1 h5 26.Rhe1 Rfe8 27.Kh3 Rg8 28.Bg5 Bg7 29.Bd2 Bf6 30.Bg5 Bg7
31.Nd2 Bxd4 32.Ne4 Rxc1 33.Rxc1 e5 34.Rc6 Rb8 35.Rd6 Nc3 36.Rf6+ Kg7 37.Nd6 Rf8
38.Re6 Rxf2 39.Re7+ Kg8 40.Bh6 e4 41.Re8+ Kh7 42.Bg5 e3 43.Bxe3 Bxe3 44.Rxe3 Nd5
45.Re5 Nf6 46.Ne4 Nxe4 47.Rxe4 Rb2 48.a4 Rb4 49.Re6 Kg7 50.Rd6 Rxa4 51.Rxb6 Rg4
52.Ra6 a4 53.Re6 Kf7 54.Re5 Kf6 55.Re8 Rb4 56.Kg2 Kf5 57.Kf3 Rb3+ 58.Kg2 a3
59.Ra8 Ke4 60.Ra6 Kd3 61.Rxg6 Kc2  0-1

[Event "Narciso Yepes"]
[Site "Lorca ESP"]
[Date "2001.06.26"]
[Round "2"]
[White "Giardelli,S"]
[Black "Cano Sanchez,J"]
[Result "1-0"]
[WhiteElo "2438"]
[BlackElo "2304"]

1.c4 b6 2.b3 Bb7 3.Bb2 c5 4.Nf3 Nf6 5.d3 g6 6.e4 d6 7.g3 e5 8.Bg2 Bh6 9.O-O Nh5
10.Nc3 O-O 11.Bc1 Bxc1 12.Qxc1 Nc6 13.Nd5 Ne7 14.Qh6 f6 15.Nh4 Nxd5 16.cxd5 Qd7
17.Bf3 Ng7 18.Be2 Ne8 19.Qe3 Nc7 20.f4 Nb5 21.Rf2 Nd4 22.Raf1 Qh3 23.Nf3 Qh6
24.Qc1 Nxe2+ 25.Rxe2 Bc8 26.Ref2 Bh3 27.fxe5 Qxc1 28.Rxc1 fxe5 29.Nd2 Rxf2
30.Kxf2 Rf8+ 31.Ke3 Kf7 32.b4 Rb8 33.b5 Bd7 34.a4 Ke7 35.Ra1 Be8 36.Nc4 Rb7
37.g4 Rb8 38.g5 Rb7 39.Rf1 Rd7 40.Rf6 Bf7 41.h4 h6 42.a5 hxg5 43.hxg5 Rd8
44.axb6 axb6 45.Nxb6 Rh8 46.Nc4 Rh3+  1-0

[Event "FSIMB July"]
[Site "Budapest HUN"]
[Date "2001.07.05"]
[Round "4"]
[White "Balster,S"]
[Black "Dub,Z"]
[Result "1-0"]
[WhiteElo "2334"]
[BlackElo "2280"]

1.c4 b6 2.Nc3 Bb7 3.e4 e6 4.g3 Bb4 5.Nge2 f5 6.Bg2 Nf6 7.Qc2 Bxc3 8.Nxc3 Nc6
9.d3 Nd4 10.Qd1 O-O 11.O-O e5 12.Be3 fxe4 13.dxe4 c5 14.f4 d6 15.f5 Bc6 16.g4 Be8
17.h3 Rb8 18.Rf2 a6 19.g5 Bh5 20.Qd3 Nd7 21.a4 Bf7 22.h4 Rb7 23.Bh3 Nb8 24.Nd5 Nbc6
25.Raf1 Bxd5 26.cxd5 Nb4 27.Qd1 Kh8 28.Qh5 h6 29.f6 g6 30.Qxg6 Rg8 31.Qh5 Rh7
32.g6  1-0

[Event "Heart of Finland Open"]
[Site "Jyvaskyla FIN"]
[Date "2001.07.10"]
[Round "4"]
[White "Nippula,T"]
[Black "Kengis,E"]
[Result "1-0"]
[WhiteElo "2224"]
[BlackElo "2572"]

1.c4 b6 2.Nc3 Bb7 3.d4 e6 4.a3 g6 5.e4 Bg7 6.Nf3 Ne7 7.Bd3 O-O 8.O-O d5 9.cxd5 exd5
10.e5 c5 11.Bg5 Nbc6 12.Re1 h6 13.Bh4 c4 14.Bc2 Bc8 15.Re3 Be6 16.h3 Qd7
17.g4 a6 18.Bf6 b5 19.Ne2 Rfb8 20.Nf4 Qa7 21.Rc1 b4 22.a4 b3 23.Bb1 Rb4 24.a5 Re8
25.Qd2 Ra4 26.Rd1 Qc7 27.Nh4 Qxa5 28.Rc3 Bc8 29.Bxg7 Kxg7 30.Nh5+ gxh5 31.Nf5+ Nxf5
32.gxf5 Rh8 33.Qf4 Kf8 34.e6 Qd8 35.Rg3 Ra1 36.Re1 h4 37.Rg2 a5 38.Kh2 a4
39.exf7 Rxb1 40.Re8+  1-0

[Event "ch-SUI"]
[Site "Scuol SUI"]
[Date "2001.07.13"]
[Round "2"]
[White "Sueess,M"]
[Black "Berezovsky,I"]
[Result "0-1"]
[WhiteElo "2295"]
[BlackElo "2406"]

1.c4 b6 2.Nf3 Bb7 3.g3 e5 4.Bg2 g6 5.O-O Bg7 6.Nc3 Ne7 7.d3 O-O 8.Bg5 h6
9.Bxe7 Qxe7 10.Nd5 Qd8 11.Nd2 c6 12.Nc3 Na6 13.Rb1 d5 14.cxd5 cxd5 15.e4 Nc7
16.Qb3 dxe4 17.Ndxe4 Kh8 18.Rbd1 Qe7 19.Nb5 Ne6 20.Rfe1 Rad8 21.Qa3 Qxa3
22.bxa3 f5 23.Ng5 hxg5 24.Bxb7 Nc5 25.Bg2 Nxd3 26.Re3 e4 27.Bf1 Ne5 28.Rc1 Rd7
29.g4 Nxg4 30.Rh3+ Nh6 31.Rc6 g4 32.Rh4 Kh7 33.Bc4 Bf6 34.Bg8+ Kg7  0-1

[Event "3rd Open"]
[Site "Patras GRE"]
[Date "2001.07.19"]
[Round "2"]
[White "Zalahoras,N"]
[Black "Nikolaidis,I"]
[Result "0-1"]
[WhiteElo "2199"]
[BlackElo "2531"]

1.c4 b6 2.Nc3 Bb7 3.e4 c5 4.Nf3 Nc6 5.g3 g6 6.Bg2 Bg7 7.O-O Nh6 8.d3 O-O
9.h3 f5 10.Bxh6 Bxh6 11.exf5 gxf5 12.Nh4 e6 13.f4 Bg7 14.Qh5 Rf6 15.Rae1 Kh8
16.Nb5 Qf8 17.Qd1 Rh6 18.Nc3 Bxc3 19.bxc3 Qg7 20.Rf3 Rg8 21.Qe2 Qxc3 22.Kh2 Qg7
23.Qf2 Rxh4 24.gxh4 Qxg2+ 25.Qxg2 Rxg2+ 26.Kxg2 Nd4 27.Kg3 Bxf3 28.Kf2 Kg7
29.Rb1 Kf7 30.Rc1 Bh5 31.Rb1 d6 32.Re1 h6 33.Kg3 Ne2+  0-1

[Event "EuChJun Girls"]
[Site "Patras GRE"]
[Date "2001.07.21"]
[Round "6"]
[White "Makka,I"]
[Black "Richards,H"]
[Result "0-1"]
[WhiteElo "2123"]
[BlackElo "2230"]

1.c4 b6 2.d4 e6 3.a3 g6 4.Nc3 Bg7 5.Nf3 Ne7 6.Bf4 O-O 7.g3 Ba6 8.e4 d5 9.exd5 exd5
10.Nb5 dxc4 11.Nxc7 Nd5 12.Nxa8 Nxf4 13.gxf4 Re8+ 14.Be2 c3 15.Ne5 cxb2 16.Rb1 Bxe2
17.Kxe2 Nc6 18.Kf1 Qxa8 19.Rg1 Rd8 20.Qb3 Qb7 21.Nxc6 Qxc6 22.Qxb2 Rxd4 23.Qc1 Rc4
24.Qd2 Bf6 25.f5 Rc2 26.Qf4 Rc4 27.Qb8+ Kg7 28.fxg6 hxg6 29.Qxa7 Qe4 30.Rd1 Rc2
31.Re1 Qd3+ 32.Kg2 Qd5+ 33.Kf1 Bd4 34.Re2 Qc4 35.Qe7 Rc1+ 36.Kg2 Qd5+ 37.Re4 Bf6
38.Qe8 Qg5+ 39.Kf3 Rxg1 40.Qc6 Qg2+ 41.Ke2 Rf1 42.Qxb6 Ra1 43.Rf4 Qf1+  0-1

[Event "Heart of Finland Open"]
[Site "Jyvaskyla FIN"]
[Date "2001.07.22"]
[Round "9"]
[White "Luukkonen,T"]
[Black "Lehtivaara,P"]
[Result "0-1"]
[WhiteElo "2203"]
[BlackElo "2322"]

1.c4 b6 2.Nc3 Bb7 3.d4 e6 4.Nf3 Bb4 5.Bg5 Ne7 6.Qc2 f6 7.Bf4 Ng6 8.Bg3 f5
9.h4 Be4 10.Qb3 Nc6 11.d5 f4 12.h5 fxg3 13.hxg6 gxf2+ 14.Kd1 Bxg6 15.dxc6 dxc6+
16.Kc1 Qd6 17.e3 O-O-O 18.Be2 Rhf8 19.Rd1 Qc5 20.Nd4 Rxd4 21.Rxd4 f1=Q+ 22.Bxf1 Rxf1+
23.Nd1 e5 24.Rd3 Bxd3 25.Qxd3 Rg1 26.a3 Be1 27.Ra2 Qd6 28.Qxd6 cxd6 29.b4 h5
30.Re2 h4 31.e4 Kd7 32.Kc2 Bg3 33.Nc3 g5 34.b5 c5 35.Nd5 Ke6 36.a4 Bf4 37.Kb3 g4
38.Rf2 h3 39.gxh3 gxh3 40.Kc2 Rg2  0-1

[Event "Keres Mem Open"]
[Site "Tallinn EST"]
[Date "2001.07.26"]
[Round "3"]
[White "Karner,H"]
[Black "Kengis,E"]
[Result "0-1"]
[WhiteElo "2292"]
[BlackElo "2572"]

1.c4 b6 2.d4 Bb7 3.Nc3 e6 4.a3 g6 5.e4 Bg7 6.Nf3 Ne7 7.Bd3 d6 8.Be3 Nd7 9.Qd2 O-O
10.O-O-O a6 11.h4 h5 12.Bh6 Nf6 13.Bxg7 Kxg7 14.Ng5 Nc6 15.Ne2 Qe7 16.f3 b5
17.Qc3 bxc4 18.Bxc4 d5 19.Bb3 a5 20.e5 Nd7 21.Nf4 Nd8 22.Kb1 c5 23.Rc1 a4
24.Ba2 cxd4 25.Qxd4 Nc6 26.Qe3 Ndxe5 27.Rhe1 Qf6 28.Rxc6 Nxc6 29.Nfxe6+ fxe6
30.Nxe6+ Kh7 31.Ng5+ Kh8 32.Ne6 Rf7  0-1

[Event "MTO"]
[Site "Biel SUI"]
[Date "2001.07.27"]
[Round "5"]
[White "Lada,I"]
[Black "Cherniaev,A"]
[Result "0-1"]
[WhiteElo "2223"]
[BlackElo "2437"]

1.c4 b6 2.e4 Bb7 3.Nc3 e6 4.a3 c5 5.g3 a6 6.Bg2 Nf6 7.Nge2 b5 8.d3 bxc4 9.dxc4 d6
10.O-O Nbd7 11.Qc2 Qc7 12.Bf4 Be7 13.Rad1 O-O 14.h3 Ne5 15.b3 Nc6 16.Kh2 Nd4
17.Nxd4 cxd4 18.Ne2 e5 19.Bg5 a5 20.a4 Bc6 21.Bxf6 Bxf6 22.Nc1 Qb7 23.f3 Rab8
24.h4 g6 25.Bh3 Bg7 26.g4 Bf6 27.g5 Bd8 28.Rg1 h6 29.Rd3 hxg5 30.hxg5 Kg7
31.Qd2 Rh8 32.Rg3 Rh5 33.Kg1 Qe7 34.Bg4 Rh7 35.Bh3 Rh5 36.Qg2 Rxg5 37.Bg4 Bb6
38.Ne2 Rh8 39.Kf2 Bc5 40.Ng1 Qf6 41.Nh3 Bxe4  0-1

[Event "ch-Paris Open"]
[Site "Paris FRA"]
[Date "2001.07.27"]
[Round "7"]
[White "Shirazi,K"]
[Black "Bauer,Ch"]
[Result "0-1"]
[WhiteElo "2432"]
[BlackElo "2576"]

1.c4 b6 2.d4 Bb7 3.Nc3 e6 4.d5 Bb4 5.Bd2 Nf6 6.a3 Bxc3 7.Bxc3 O-O 8.dxe6 fxe6
9.Nf3 Ne4 10.Qc2 Na6 11.g3 Nac5 12.Bg2 a5 13.Bd4 a4 14.O-O Ra5 15.Rad1 Qa8
16.h4 d6 17.Bh3 Qe8 18.Be3 Qg6 19.Kh2 Nxg3 20.Qxg6 Nxf1+ 21.Rxf1 hxg6 22.Ng5 Bc8
23.f4 Nb3 24.Bg2 Rf6 25.Kg3 Ba6 26.Rd1 Bxc4 27.Bxb6 cxb6 28.Rxd6 e5 29.Rd7 exf4+
30.Kf2 Re5 31.Bf3 Nc5 32.Rc7 Bd5 33.Bxd5+ Rxd5 34.Rc8+ Rf8 35.Rc6 b5 36.Kf3  0-1

[Event "ch-LIB"]
[Site "Beruit LIB"]
[Date "2001.07.29"]
[Round "3.1"]
[White "Abdulaziz,M"]
[Black "Somev,A"]
[Result "1-0"]
[WhiteElo "2164"]
[BlackElo "2114"]

1.c4 b6 2.Nf3 Bb7 3.g3 Bxf3 4.exf3 c5 5.Bg2 Nc6 6.O-O e6 7.Nc3 Nf6 8.b3 Rc8
9.f4 g6 10.Bb2 Bg7 11.g4 O-O 12.h4 h5 13.f3 Qc7 14.f5 gxf5 15.g5 Ne8 16.f4 Bd4+
17.Kh1 Kg7 18.Nb5 Qb8 19.Nxd4 Nxd4 20.Qf3 Qd6 21.Qg3 Kg6 22.Rf2 Nc7 23.Re1 Rce8
24.Re3 Na6 25.a3 Nb8 26.Rd3 Nbc6 27.Kh2 Rg8 28.Qe3 Rd8 29.b4 e5 30.bxc5 bxc5
31.Bxc6 exf4 32.Qxf4 Qxf4+ 33.Rxf4 Ne6 34.Rf2 dxc6 35.Rdf3 Nd4 36.Bxd4 Rxd4
37.Kh3 f4 38.Rxf4 Rxf4 39.Rxf4 Rd8 40.Rf6+ Kg7 41.Rxc6 Rd3+ 42.Kg2 Rxd2+
43.Kg3 Rd3+ 44.Kf4 Rxa3 45.Rxc5 a5 46.Rc6 a4 47.Ra6 Ra1 48.c5 Rh1 49.c6 Rc1
50.Ke5 Kf8 51.Kd6 Rd1+ 52.Kc7 Rd4 53.Kb7  1-0

[Event "FSGM August"]
[Site "Budapest HUN"]
[Date "2001.08.11"]
[Round "8"]
[White "Varga,Zo"]
[Black "Breder,D"]
[Result "0-1"]
[WhiteElo "2518"]
[BlackElo "2411"]

1.c4 b6 2.Nc3 Bb7 3.e4 e5 4.Nf3 Nc6 5.a3 Nf6 6.b4 a5 7.b5 Nd4 8.d3 Nxf3+
9.Qxf3 Bc5 10.Ne2 h6 11.g4 h5 12.h3 hxg4 13.hxg4 Rxh1 14.Qxh1 Qe7 15.Qh8+ Qf8
16.Qxf8+ Kxf8 17.f3 Ke7 18.Bb2 d6 19.d4 exd4 20.Nxd4 Bxd4 21.Bxd4 g5 22.e5 dxe5
23.Bxe5 Nd7 24.Bxc7 Rc8 25.Bg3 Bxf3 26.Rc1 Bxg4 27.Bg2 f5 28.Bb7 Rh8 29.Bc7 Nc5
30.Rc3 Nxb7 31.Bxb6 Rh3 32.Rxh3 Bxh3 33.c5 a4 34.Kf2 Ke6 35.Ba7 Kd5  0-1

[Event "I American Continental"]
[Site "Cali COL"]
[Date "2001.08.16"]
[Round "7"]
[White "Mera Cedeno,A"]
[Black "Velasco,S"]
[Result "1/2-1/2"]
[WhiteElo "2385"]
[BlackElo "2269"]

1.c4 b6 2.Nc3 c5 3.g3 Bb7 4.e4 g6 5.Bg2 Bg7 6.Nge2 Nc6 7.d3 d6 8.O-O e6 9.f4 Nge7
10.g4 h5 11.f5 Be5 12.f6 hxg4 13.fxe7 Bxh2+ 14.Kf2 Qxe7 15.Ke1 Be5 16.Bf4 O-O-O
17.Qd2 f6 18.Kd1 g5 19.Be3 Rh2 20.Rg1 Nd4 21.Bxd4 cxd4 22.Nb5 f5 23.Nexd4 a6
24.Na7+ Kc7 25.Nac6 Bxc6 26.Nxc6 Kxc6 27.exf5+ Kc7 28.fxe6 Qxe6 29.Qe2 Qf6
30.Kc2 Bxb2 31.Raf1 Qc3+ 32.Kb1 Ba3 33.Rf7+ Rd7 34.Rxd7+ Kxd7 35.Bc6+ Kxc6
36.Qxh2 Qb4+ 37.Ka1 Qc3+ 38.Kb1 Qxd3+ 39.Qc2 Qxc2+ 40.Kxc2 Bc5 41.Rxg4 Be3
42.Kd3 Bf4 43.Rg1 d5  1/2-1/2

[Event "Open"]
[Site "Lisbon POR"]
[Date "2001.08.23"]
[Round "3"]
[White "Baldazzi,S"]
[Black "Sulava,N"]
[Result "0-1"]
[WhiteElo "2147"]
[BlackElo "2531"]

1.c4 b6 2.Nf3 Bb7 3.g3 Bxf3 4.exf3 c5 5.d4 cxd4 6.Qxd4 Nc6 7.Qd2 e6 8.a3 Rc8
9.b3 Qf6 10.Qc3 Nd4 11.f4 Nxb3 12.Qxb3 Qxa1 13.Bd3 Qf6 14.O-O Qd8 15.f5 Nf6
16.Nc3 Bc5 17.Bb2 O-O 18.Nb5 a6 19.Nd4 e5 20.Ne2 Re8 21.Nc3 e4 22.Be2 Bd4
23.Rd1 Be5 24.a4 Rc6 25.g4 e3 26.f3 Nxg4 27.fxg4 Qh4  0-1

[Event "10th Open"]
[Site "Kavala GRE"]
[Date "2001.08.29"]
[Round "9"]
[White "Angelis,M"]
[Black "Rigo,G"]
[Result "1-0"]
[WhiteElo "2266"]
[BlackElo "2013"]

1.c4 b6 2.Nc3 Bb7 3.Nf3 e6 4.e4 Bb4 5.Bd3 Ne7 6.O-O O-O 7.Bc2 f5 8.e5 Bxc3
9.bxc3 Qe8 10.Ba3 c5 11.d4 Na6 12.Bb3 Qh5 13.Rb1 Rac8 14.d5 Ng6 15.Bc1 exd5
16.Ba4 dxc4 17.Bxd7 Rcd8 18.Ng5 Qxd1 19.Rxd1 Nxe5 20.Be6+ Kh8 21.Rxd8 Rxd8
22.Bf4 h6 23.Bxe5 hxg5 24.Bxf5 b5 25.h4 b4 26.hxg5 Bc6 27.Kh2 Ba4 28.Re1 b3
29.Kg3 Re8 30.f4 Kg8 31.Ra1 Nb8 32.axb3 Bxb3 33.Rxa7 Nc6 34.Bh7+ Kxh7 35.Rxg7+ Kh8
36.Re7+ Nxe5 37.Rxe8+ Kg7 38.Rxe5  1-0

[Event "Open"]
[Site "Lisbon POR"]
[Date "2001.08.29"]
[Round "9"]
[White "Fernandez Vicente,C"]
[Black "Guimaraes,R"]
[Result "0-1"]
[WhiteElo "2198"]
[BlackElo "2086"]

1.c4 b6 2.e4 Bb7 3.Nc3 e6 4.a3 Ne7 5.Nf3 f5 6.d3 fxe4 7.dxe4 Ng6 8.Bd3 Bd6
9.e5 Be7 10.Bxg6+ hxg6 11.Qd3 Kf7 12.Ne4 Qe8 13.Bf4 Na6 14.b4 Rd8 15.h4 Kg8
16.Rd1 Qf7 17.Bg5 Kf8 18.Rh3 Qf5 19.Bxe7+ Kxe7 20.Neg5 Qxd3 21.Rxd3 Rdf8
22.Ke2 Rf4 23.g3 Rxc4 24.Kd2 c5 25.bxc5 Nxc5 26.Rc3 Rxc3 27.Kxc3 Rc8 28.Kd2 Nb3+
29.Kd1 Ba6  0-1

[Event "1st Open"]
[Site "St-Chely d'Aubrac FRA"]
[Date "2001.08.29"]
[Round "6"]
[White "Manouck,T"]
[Black "Boudre,JP"]
[Result "0-1"]
[WhiteElo "2284"]
[BlackElo "2372"]

1.c4 b6 2.Nf3 Bb7 3.g3 f5 4.Bg2 Nf6 5.O-O g6 6.Nc3 Bg7 7.d3 O-O 8.e4 fxe4
9.Ng5 Na6 10.d4 c6 11.Re1 Nc7 12.Ngxe4 Ne6 13.Be3 Rb8 14.d5 Nxe4 15.Nxe4 cxd5
16.cxd5 Nc7 17.d6 Ne6 18.dxe7 Qxe7 19.Qb3 Kh8 20.Rad1 Bc6 21.Nc3 Bxg2 22.Kxg2 Rbc8
23.Rd5 Bxc3 24.bxc3 Qf7 25.Qd1 Rc7 26.c4 Kg8 27.h4 Re8 28.Re2  0-1

[Event "FSIMA September"]
[Site "Budapest HUN"]
[Date "2001.09.06"]
[Round "6"]
[White "Appleberry,M"]
[Black "Feller,J"]
[Result "1/2-1/2"]
[WhiteElo "2283"]
[BlackElo "2209"]

1.c4 b6 2.b3 Nf6 3.Bb2 e6 4.Nf3 Bb7 5.e3 d5 6.a3 Be7 7.Be2 O-O 8.O-O c5 9.cxd5 Nxd5
10.d3 Bf6 11.Qc2 Nd7 12.Nc3 Nxc3 13.Bxc3 Bxc3 14.Qxc3 Qf6 15.Qxf6 Nxf6 16.Rfc1 a5
17.Rab1 Rac8 18.Ne5 Rfd8  1/2-1/2

[Event "TCh-FIN 2001-02"]
[Site "FIN"]
[Date "2001.09.22"]
[Round "1"]
[White "Keskisarja,T"]
[Black "Tella,J"]
[Result "0-1"]
[WhiteElo "2285"]
[BlackElo "2440"]

1.c4 b6 2.Nc3 Bb7 3.Nf3 e6 4.g3 Bxf3 5.exf3 c5 6.Bg2 Nc6 7.O-O g6 8.f4 Bg7
9.d3 Nge7 10.Rb1 O-O 11.Re1 Rc8 12.Bd2 Nd4 13.b4 cxb4 14.Rxb4 d5 15.Nb5 Nxb5
16.cxb5 Qd7 17.Rb1 Nf5 18.h4 Nd4 19.a4 Rc2 20.h5 Rfc8 21.Be3 Qd6 22.h6 Bh8
23.g4 R2c3 24.Qd2 Qa3 25.Ra1 Qf8 26.Ra2 Nc2 27.Rc1 Nb4 28.Raa1 d4  0-1

[Event "ch-SLO"]
[Site "Grize SLO"]
[Date "2001.10.05"]
[Round "5"]
[White "Ivacic,V"]
[Black "Basagic,Z"]
[Result "0-1"]
[WhiteElo "2286"]
[BlackElo "2377"]

1.c4 b6 2.Nc3 Bb7 3.e4 e6 4.Nf3 Bb4 5.Qe2 Ne7 6.g3 f5 7.e5 Nbc6 8.Bg2 Nd4
9.Qd3 Bc5 10.O-O Nxf3+ 11.Bxf3 Bxf3 12.Qxf3 Ng6 13.Ne2 Nxe5 14.Qc3 Bd6 15.f4 Ng4
16.Qxg7 Qf6 17.Qxf6 Nxf6 18.b3 Rg8 19.Bb2 Kf7 20.Kg2 h5 21.Rf3 h4 22.Bxf6 Kxf6
23.d4 c6 24.Rd3 b5 25.cxb5 cxb5 26.d5 e5 27.fxe5+ Bxe5 28.Rf1 Rac8 29.Rdf3 Rg5
30.R1f2 Rc5 31.Rd3 Ke7 32.Kf3 hxg3 33.hxg3 Kd6 34.Nf4 Rg4 35.Rfd2 Bxf4 36.gxf4 Rh4
37.Kg3 Rg4+ 38.Kf3 Rg1 39.Rh2 Rxd5 40.Rh6+ Kc5 41.Rxd5+ Kxd5 42.Rf6 Ra1 43.Ra6 Kd4
44.Rxa7 d5 45.Ra5 Rf1+ 46.Kg3 Ke4 47.Rxb5 Rf3+ 48.Kg2 Rxf4 49.a4 Rg4+ 50.Kf2 Rh4
51.a5 f4 52.a6 Rh2+ 53.Kg1 Ra2 54.Rb4+ Kf3 55.Ra4 Rg2+ 56.Kh1 Rg8 57.a7 Ra8
58.b4 Kg3 59.b5 f3 60.Ra3 Rd8 61.Ra1 Rh8+  0-1

[Event "TCh-BUL w"]
[Site "Pamporovo BUL"]
[Date "2001.10.07"]
[Round "6"]
[White "Voiska,M"]
[Black "Alexandrova,O"]
[Result "1-0"]
[WhiteElo "2296"]
[BlackElo "2387"]

1.c4 b6 2.Nc3 Bb7 3.e4 c5 4.g3 Nf6 5.Bg2 e6 6.Nge2 d6 7.O-O Nc6 8.d4 cxd4
9.Nxd4 Rc8 10.Nxc6 Bxc6 11.Re1 Be7 12.Bf4 O-O 13.Rc1 Qd7 14.Qe2 Rfd8 15.Nd5 Ba8
16.Nxe7+ Qxe7 17.Rcd1 e5 18.Bc1 Bc6 19.b3 Nd7 20.Ba3 Nc5 21.Rd2 a6 22.Red1 b5
23.cxb5 axb5 24.Bb4 g6 25.Qe3 Ba8 26.h4 Kg7 27.Kh2 Qb7 28.Bxc5 Rxc5 29.Rxd6 Rxd6
30.Rxd6 Rc2 31.h5 Rxa2 32.h6+ Kf8 33.Qg5  1-0

[Event "FSIMA October"]
[Site "Budapest HUN"]
[Date "2001.10.08"]
[Round "3"]
[White "Nemeth,Z"]
[Black "Berczes,D"]
[Result "1-0"]
[WhiteElo "2372"]
[BlackElo "2140"]

1.c4 b6 2.Nc3 Bb7 3.e4 e6 4.a3 c5 5.Nf3 d6 6.d4 cxd4 7.Nxd4 Nf6 8.Bd3 Nbd7
9.O-O Be7 10.Re1 O-O 11.Be3 a6 12.f3 Qc7 13.Rc1 Rac8 14.Bf1 Qb8 15.Qd2 Rfe8
16.b4 Ne5 17.Na4 Nfd7 18.Qf2 Bd8 19.h3 Nc6 20.Nb3 Ba8 21.Kh1 Nce5 22.Nd4 Nc6
23.Red1 Nxd4 24.Bxd4 Bc6 25.b5 Bb7 26.Nxb6 Bxb6 27.Bxb6 Nc5 28.e5 Ba8 29.Rxd6 Nb7
30.Ba7 Qc7 31.Rxa6 Qxe5 32.Bd4 Qf4 33.Qe3  1-0

[Event "1st Chess Week"]
[Site "Winterthur SUI"]
[Date "2001.10.12"]
[Round "8"]
[White "Schuurman,P"]
[Black "Czebe,A"]
[Result "0-1"]
[WhiteElo "2274"]
[BlackElo "2491"]

1.c4 b6 2.Nc3 Bb7 3.d4 e6 4.a3 g6 5.Nf3 Bg7 6.e4 Ne7 7.Be2 O-O 8.O-O h6 9.b4 d6
10.Qc2 Nd7 11.Rd1 f5 12.Bb2 Qe8 13.c5 dxc5 14.bxc5 Nf6 15.Bb5 Bxe4 16.Nxe4 Qxb5
17.Nxf6+ Bxf6 18.Re1 bxc5 19.Rxe6 Rab8 20.Re2 Nd5 21.a4 Qa6 22.Ne5 Rfe8 23.dxc5 Rb4
24.Qd2 Nf4 25.Ree1 Rxb2 26.Qxb2 Qe6 27.Qa2 Qxa2 28.Rxa2 Rxe5 29.Rxe5 Bxe5
30.g3 Ne6 31.Re2 Nd4 32.Re3 Kf7 33.Kg2 Bf6 34.f4 Be7 35.c6 Bd6 36.Rc3 a5
37.Rc4 Ne6 38.Kf3 Ke7 39.h3 Bc5 40.g4 Kd6  0-1

[Event "TCh-FIN 2001-02"]
[Site "FIN"]
[Date "2001.10.20"]
[Round "2"]
[White "Lehtinen,H"]
[Black "Nevanlinna,R"]
[Result "1/2-1/2"]
[WhiteElo "2351"]
[BlackElo "2355"]

1.c4 b6 2.Nc3 Bb7 3.e4 e6 4.g3 Bb4 5.Nge2 f5 6.Bg2 Nf6 7.a3 Bxc3 8.Nxc3 Nxe4
9.Nxe4 Bxe4 10.Bxe4 fxe4 11.Qh5+ g6 12.Qe5 O-O 13.Qxe4 Qf6 14.O-O Nc6 15.d3 a5
16.Rb1 Qf5 17.Qxf5 Rxf5 18.f4 a4 19.Bd2 e5 20.Rbe1 Raf8 21.Re4 exf4 22.Rfxf4 Ne5
23.Rxf5 Rxf5 24.Bc3 Nxd3 25.Re7 Rf7 26.Re8+ Rf8 27.Re7 Rf7  1/2-1/2

[Event "ch-ESP Gp B"]
[Site "Cala Mendia, Mallorca ESP"]
[Date "2001.11.18"]
[Round "2"]
[White "Franco Ocampos,Z"]
[Black "Arizmendi Martinez,J"]
[Result "0-1"]
[WhiteElo "2522"]
[BlackElo "2503"]

1.c4 b6 2.Nc3 Bb7 3.e4 e6 4.Nge2 Nf6 5.d3 d5 6.cxd5 exd5 7.e5 Nfd7 8.d4 c5
9.f4 Nc6 10.Be3 cxd4 11.Nxd4 Nxd4 12.Bxd4 Bc5 13.Be2 O-O 14.O-O Qe7 15.Bf3 Rad8
16.Re1 Bxd4+ 17.Qxd4 Nc5 18.Nb5 Ne6 19.Qe3 d4 20.Qd2 Bxf3 21.gxf3 f5 22.Rac1 Rd5
23.Nd6 Qh4 24.Rc6 Nxf4 25.e6 Nd3 26.Re2 Ne5 27.e7 Qxe7 28.Qf4 Qg5+ 29.Qxg5 Nxf3+
30.Kg2 Nxg5 31.Re7 d3  0-1

[Event "NCC"]
[Site "Philadelphia USA"]
[Date "2001.11.25"]
[Round "5"]
[White "Greanias,S"]
[Black "Burnett,R"]
[Result "1-0"]
[WhiteElo "2218"]
[BlackElo "2415"]

1.c4 b6 2.Nc3 Bb7 3.e4 e6 4.g3 f5 5.Bg2 Nf6 6.Qc2 Nc6 7.Nge2 Bc5 8.O-O g6
9.e5 Ng4 10.Qd1 h5 11.d4 Be7 12.Nf4 Kf7 13.h3 Qg8 14.d5 Nd8 15.dxe6+ dxe6
16.Bxb7 Nxb7 17.Nxe6 Qc8 18.Ng5+ Kg7 19.hxg4 hxg4 20.Nd5 Bd8 21.e6  1-0

[Event "FSGMA December"]
[Site "Budapest HUN"]
[Date "2001.12.02"]
[Round "2"]
[White "Berkes,F"]
[Black "Paschall,W"]
[Result "1-0"]
[WhiteElo "2541"]
[BlackElo "2393"]

1.c4 b6 2.Nc3 e6 3.Nf3 Bb7 4.e4 Bb4 5.Qb3 Na6 6.a3 Nc5 7.Qc2 Bxc3 8.Qxc3 Nxe4
9.Qxg7 Qf6 10.Qxf6 Ngxf6 11.b4 Rg8 12.d3 Nd6 13.Bb2 Ke7 14.Ke2 Nf5 15.g3 c5
16.Bh3 Ng4 17.Rhb1 Rab8 18.Bc3 h5 19.Rb2 f6 20.Rab1 d6 21.a4 Bxf3+ 22.Kxf3 Nxh2+
23.Ke2 Ng4 24.bxc5 dxc5 25.a5 e5 26.Bg2 h4 27.Be4 Nd4+ 28.Bxd4 exd4 29.gxh4 Rh8
30.axb6 Rxb6 31.Rxb6 axb6 32.Kf3 Ne5+ 33.Kg3 Rg8+ 34.Kh3 f5 35.Bxf5 Rf8 36.Be4 Rxf2
37.Kg3 Rf6 38.Ra1 Rf8 39.Ra7+ Kf6 40.Rb7 Rg8+ 41.Kf2 Ng4+ 42.Ke2 Rh8 43.Rxb6+ Ke5
44.Rc6 Rxh4 45.Rxc5+ Kf6 46.Rd5 Ne5 47.Rxd4 Kg5 48.Ke3 Rh2 49.Rd5 Kf6 50.Kd4 Rh5
51.Rb5 Rg5 52.Rb6+ Ke7 53.Bd5 Nd7 54.Re6+ Kd8 55.Rh6 Rg3 56.Be4 Rg5 57.Ke3 Rc5
58.Bd5 Ke7 59.Re6+ Kd8 60.Ra6 Rc7 61.d4 Ke7 62.Re6+ Kd8 63.Bc6  1-0

[Event "Friendship IM"]
[Site "Prerove CZE"]
[Date "2001.12.05"]
[Round "2"]
[White "Sikora Lerch,J"]
[Black "Molnar,Be"]
[Result "1/2-1/2"]
[WhiteElo "2324"]
[BlackElo "2363"]

1.c4 b6 2.Nf3 c5 3.g3 g6 4.Bg2 Bb7 5.O-O Bg7 6.Nc3 Nf6 7.a3 O-O 8.Rb1 Qc8
9.d3 d5 10.cxd5 Nxd5 11.Nxd5 Bxd5 12.Bg5 Nc6 13.Qd2 Rd8 14.Ne1 a5 15.Be3 Qb7
16.Qc2 Ne5 17.Bf4 Nc6 18.Be3 Rac8 19.Bxd5 Rxd5 20.Nf3 Rh5 21.h3 Nd4 22.Bxd4 cxd4
23.Qa4 Rhc5 24.b4 Qc6 25.Qxc6 R5xc6 26.bxa5 bxa5 27.Rb5 Rc5 28.Rxc5 Rxc5
29.Rb1 Bf6 30.Rb8+ Kg7 31.Ra8 Rc2 32.Kf1 Rc1+ 33.Kg2 Rc2 34.Kf1 Rc1+ 35.Kg2  1/2-1/2

[Event "FSGMA December"]
[Site "Budapest HUN"]
[Date "2001.12.13"]
[Round "13"]
[White "Bokros,A"]
[Black "Czebe,A"]
[Result "1/2-1/2"]
[WhiteElo "2429"]
[BlackElo "2491"]

1.c4 b6 2.Nc3 Bb7 3.e4 e6 4.Nf3 Ne7 5.d4 f5 6.e5 Ng6 7.h4 Bb4 8.h5 Bxc3+
9.bxc3 Ne7 10.h6 g6 11.Bg5 Bxf3 12.Qxf3 Nbc6  1/2-1/2

[Event "TCh-CZE 2001-2"]
[Site "CZE"]
[Date "2001.12.16"]
[Round "5"]
[White "Znamenacek,K"]
[Black "Spacek,P"]
[Result "1/2-1/2"]
[WhiteElo "2287"]
[BlackElo "2393"]

1.c4 b6 2.Nc3 Bb7 3.e4 c5 4.d3 Nc6 5.g3 g6 6.Bg2 Bg7 7.Nge2 d6 8.Bg5 Nd4
9.O-O Qd7 10.Qd2 e6 11.Rae1 Ne7 12.Bxe7 Qxe7 13.Nxd4 cxd4 14.Nd5 Qd7 15.Bh3 Qd8
16.Nb4 O-O 17.b3 Qc7 18.Re2 Qc5 19.Nc2 Qh5 20.Bg2 Bh6 21.Qd1 e5 22.Ree1 Qxd1
23.Rxd1 Rac8 24.Bh3 Rc7 25.a4 f5 26.exf5 Bf3 27.fxg6 hxg6 28.Nb4 Bxd1  1/2-1/2

[Event "New Dolmen Open"]
[Site "Qawra MLT"]
[Date "2002.01.17"]
[Round "5"]
[White "Djuric,S"]
[Black "Maksimovic,S"]
[Result "1-0"]
[WhiteElo "2487"]
[BlackElo "2282"]

1.c4 b6 2.d4 Bb7 3.Nc3 e6 4.a3 Nf6 5.Bg5 Be7 6.Qc2 c5 7.Bxf6 Bxf6 8.d5 exd5
9.Nxd5 Bxd5 10.cxd5 O-O 11.e3 d6 12.Bd3 g6 13.a4 a6 14.Nf3 Ra7 15.O-O Rc7
16.Qe2 Qc8 17.Nd2 Qb7 18.Ne4 Be7 19.Bc4 Re8 20.g4 Qc8 21.f4 f5 22.gxf5 gxf5
23.Ng3 Bf6 24.Qh5 Rg7 25.Kh1 b5 26.axb5 axb5 27.Nxf5 Qd7 28.Ra7  1-0

[Event "TCh-FIN 2001-02"]
[Site "FIN"]
[Date "2002.01.19"]
[Round "6"]
[White "Eskola,R"]
[Black "Nivala,T"]
[Result "0-1"]
[WhiteElo "2152"]
[BlackElo "2180"]

1.c4 b6 2.Nf3 Bb7 3.Nc3 Bxf3 4.gxf3 c5 5.f4 Nc6 6.Bg2 g6 7.Qa4 Rc8 8.Bxc6 dxc6
9.Qxa7 Nh6 10.Qb7 Nf5 11.Qa6 Ra8 12.Qb7 Nd4 13.Kd1 Bg7 14.e3 Rb8 15.Qa6 Nf5
16.Qa4 Qd7 17.Qc2 O-O 18.d3 Rbd8 19.Ke2 Nh4 20.h3 e5 21.e4 f5 22.f3 exf4
23.Bd2 fxe4 24.dxe4 Nxf3 25.Kxf3 Qxd2 26.Qxd2 Rxd2 27.Rad1 Rxb2 28.Ne2 Rxa2
29.Rd6 Ra3+ 30.Kf2 f3  0-1

[Event "TCh-ISR"]
[Site "ISR"]
[Date "2002.01.26"]
[Round "3"]
[White "Berkovich,M"]
[Black "Kantsler,B"]
[Result "1/2-1/2"]
[WhiteElo "2421"]
[BlackElo "2519"]

1.c4 b6 2.Nf3 Bb7 3.g3 g6 4.Bg2 c5 5.O-O Bg7 6.Nc3 Nf6 7.Re1 Ne4 8.Nxe4 Bxe4
9.d3 Bb7 10.Rb1 O-O 11.a3 d5 12.cxd5 Qxd5 13.b4 cxb4  1/2-1/2

[Event "7th HIT Open"]
[Site "Nova Gorica SLO"]
[Date "2002.02.05"]
[Round "6"]
[White "Bednarich,J"]
[Black "Kovacevic,B"]
[Result "0-1"]
[WhiteElo "2249"]
[BlackElo "2443"]

1.c4 b6 2.Nc3 Bb7 3.Nf3 e6 4.e4 Bb4 5.Bd3 Ne7 6.O-O O-O 7.Bc2 f5 8.e5 Bxf3
9.Qxf3 Nbc6 10.Qe2 Bc5 11.Kh1 Nd4 12.Qd1 Nec6 13.f4 d6 14.exd6 Qxd6 15.Nb5 Nxb5
16.cxb5 Nb4 17.Bb3 Nd3 18.Qf3 Rad8 19.h3 Kh8 20.Rb1 e5 21.Bc4 e4 22.Qg3 Qd4
23.b3 Rf6 24.Bxd3 Qxd3 25.Qxd3 Rxd3 26.Kh2 Rg6 27.b4 Bd4 28.Rb3 Rgg3 29.Rb1 h5
30.Re1 Rg6 31.Re2 c6 32.a4 cxb5 33.axb5 Rd6 34.g4 hxg4 35.hxg4 Rh6+ 36.Kg2 Rhh3
37.Re1 Rdg3+ 38.Kf1 Rh2 39.Re3 Bxe3 40.dxe3 Rh1+  0-1